Statistics for Indian Cities With The Worst Air Pollution

Click here to take the quiz!

General Stats

  • This quiz has been taken 28 times
  • The average score is 4 of 15

Answer Stats

City% Correct
Delhi
100%
Lucknow
50%
Agra
46%
Kanpur
35%
Jaipur
31%
Patna
27%
Varanasi
23%
Faridabad
19%
Gurugram
19%
Gaya
0%
Johdpur
0%
Muzaffarpur
0%
Patiala
0%
Peshawar
0%
Rawalpindi
0%

Score Distribution

Percentile by Number Answered

Percent of People with Each Score

Your Score History

You have not taken this quiz